[Event "Turniej Blitza na II Lidze Juniorów 2018"]
[Site "Szczyrk, Poland"]
[Date "????.??.??"]
[Round "8.64"]
[White "Franek, Krzysztof"]
[Black "Taranowicz, Zofia"]
[Result "1-0"]
[TimeControl "3'+2\""]
[WhiteElo "1142"]
[BlackElo "1175"]

1. d4 {[%emt 00:01:16]} d5 2. Nf3 {[%emt 00:00:01]} Nf6 {[%emt 00:00:02]} 3.
Bf4 {[%emt 00:00:01]} Bf5 {[%emt 00:00:04]} 4. e3 {[%emt 00:00:03]} e6 {[%emt
00:00:02]} 5. Nh4 {[%emt 00:00:03]} Bg6 6. Nxg6 {[%emt 00:00:02]} hxg6 {[%emt
00:00:01]} 7. Bd3 {[%emt 00:00:05]} Nh5 {[%emt 00:00:02]} 8. Bg3 {[%emt
00:00:01]} Nxg3 {[%emt 00:00:02]} 9. fxg3 Bd6 {[%emt 00:00:07]} 10. Nd2 {[%emt
00:00:03]} Bxg3+ {[%emt 00:00:03]} 11. Kf1 {[%emt 00:00:07]} Rxh2 {[%emt
00:00:05]} 12. Rxh2 {[%emt 00:00:11]} Bxh2 {[%emt 00:00:03]} 13. Nf3 Qf6 {[%emt
00:00:07]} 14. Ke2 {[%emt 00:00:02]} Bd6 {[%emt 00:00:06]} 15. Qh1 {[%emt
00:00:24]} Nd7 {[%emt 00:00:16]} 16. Rf1 {[%emt 00:00:04]} g5 {[%emt 00:00:28]}
17. Ne5 {[%emt 00:00:10]} Qh6 {[%emt 00:00:08]} 18. Qxh6 {[%emt 00:00:07]} gxh6
19. Nxf7 Ke7 {[%emt 00:00:23]} 20. Nxh6 {[%emt 00:00:08]} Rf8 {[%emt 00:00:05]}
21. Rxf8 {[%emt 00:00:15]} Nxf8 {[%emt 00:00:02]} 22. c4 {[%emt 00:00:14]} dxc4
{[%emt 00:00:10]} 23. Bxc4 Kf6 {[%emt 00:00:08]} 24. Ng4+ {[%emt 00:00:03]} Kf5
{[%emt 00:00:03]} 25. Nf2 {[%emt 00:00:04]} a6 {[%emt 00:00:12]} 26. Bd3+ Kf6
{[%emt 00:00:09]} 27. Ne4+ {[%emt 00:00:01]} Ke7 {[%emt 00:00:09]} 28. Nxg5
{[%emt 00:00:02]} Kf6 {[%emt 00:00:09]} 29. Ne4+ Ke7 {[%emt 00:00:02]} 30. Nxd6
{[%emt 00:00:01]} cxd6 31. g4 {[%emt 00:00:02]} Kf7 {[%emt 00:00:04]} 32. Kf3
{[%emt 00:00:02]} Kf6 {[%emt 00:00:04]} 33. e4 {[%emt 00:00:04]} Nd7 {[%emt
00:00:04]} 34. Kg3 {[%emt 00:01:05]} Kg5 {[%emt 00:00:01]} 35. e5 {[%emt
00:00:12]} dxe5 {[%emt 00:00:04]} 36. dxe5 Nxe5 {[%emt 00:00:02]} 37. Be4 b5
{[%emt 00:00:07]} 38. Bb7 {[%emt 00:00:02]} a5 {[%emt 00:00:03]} 39. Bc8 {[%emt
00:00:02]} Kf6 {[%emt 00:00:09]} 40. Ba6 {[%emt 00:00:16]} b4 {[%emt 00:00:01]}
41. Kf4 {[%emt 00:00:06]} Ng6+ {[%emt 00:00:09]} 42. Kg3 {[%emt 00:00:06]} Kg5
{[%emt 00:00:01]} 43. Bc8 {[%emt 00:00:02]} e5 {[%emt 00:00:02]} 44. Bf5 {[%emt
00:00:03]} Ne7 {[%emt 00:00:03]} 45. Be6 {[%emt 00:00:09]} a4 {[%emt 00:00:08]}
46. Kf3 Nc6 {[%emt 00:00:03]} 47. Ke4 {[%emt 00:00:10]} Kf6 48. Bd7 Nd4 {[%emt
00:00:05]} 49. Bxa4 Ne6 {[%emt 00:00:02]} 50. Bd7 {[%emt 00:00:02]} Ng7 {[%emt
00:00:01]} 51. Kd3 {[%emt 00:00:01]} Kg5 {[%emt 00:00:01]} 52. Kc4 {[%emt
00:00:02]} e4 {[%emt 00:00:04]} 53. Kxb4 {[%emt 00:00:03]} e3 54. Bb5 Kxg4
{[%emt 00:00:04]} 55. a4 Ne6 {[%emt 00:00:04]} 56. a5 {[%emt 00:00:02]} e2
{[%emt 00:00:01]} 1-0

[Event "Turniej Blitza na II Lidze Juniorów 2018"]
[Site "Szczyrk, Poland"]
[Date "????.??.??"]
[Round "8.4"]
[White "Babiarz, Arkadiusz"]
[Black "Pniaczek, Marek"]
[Result "0-1"]
[TimeControl "3'+2\""]
[BlackTitle "CM"]
[WhiteElo "1699"]
[BlackElo "1995"]

1. e4 {[%clk 00:03:03]} c5 {[%clk 00:03:04]} {[%emt 00:00:01]} 2. c3 {[%clk
00:03:05]} d5 {[%clk 00:03:04]} {[%emt 00:00:02]} 3. exd5 Qxd5 4. d4 {[%clk
00:03:07]} {[%emt 00:00:01]} Nc6 {[%clk 00:03:07]} 5. Nf3 {[%clk 00:03:08]}
{[%emt 00:00:02]} Bf5 {[%clk 00:03:08]} 6. Be3 {[%clk 00:03:06]} {[%emt
00:00:05]} cxd4 {[%clk 00:03:06]} {[%emt 00:00:04]} 7. cxd4 {[%clk 00:03:07]}
Bxb1 {[%clk 00:03:06]} {[%emt 00:00:02]} 8. Qxb1 {[%clk 00:03:04]} {[%emt
00:00:05]} e5 {[%clk 00:03:04]} {[%emt 00:00:05]} 9. dxe5 {[%clk 00:02:53]}
{[%emt 00:00:13]} Bb4+ {[%clk 00:03:04]} {[%emt 00:00:02]} 10. Bd2 {[%clk
00:02:36]} {[%emt 00:00:18]} Bxd2+ {[%clk 00:03:00]} {[%emt 00:00:06]} 11. Nxd2
{[%clk 00:02:37]} Qxe5+ {[%clk 00:03:00]} {[%emt 00:00:03]} 12. Qe4 {[%clk
00:02:38]} Nf6 {[%clk 00:02:57]} {[%emt 00:00:05]} 13. Qxe5+ {[%clk 00:02:36]}
{[%emt 00:00:04]} Nxe5 {[%clk 00:02:59]} 14. Bb5+ {[%clk 00:02:37]} Ke7 {[%clk
00:02:44]} {[%emt 00:00:17]} 15. O-O {[%clk 00:02:35]} {[%emt 00:00:04]} Rhd8
{[%clk 00:02:44]} {[%emt 00:00:01]} 16. Nb3 {[%clk 00:02:29]} {[%emt 00:00:08]}
Kf8 {[%clk 00:02:45]} {[%emt 00:00:02]} 17. Rfe1 {[%clk 00:02:29]} {[%emt
00:00:02]} Nd3 {[%clk 00:02:43]} {[%emt 00:00:03]} 18. Bxd3 {[%clk 00:02:18]}
{[%emt 00:00:14]} Rxd3 {[%clk 00:02:44]} 19. Rad1 {[%clk 00:02:00]} {[%emt
00:00:19]} Rad8 {[%clk 00:02:43]} {[%emt 00:00:03]} 20. Rxd3 {[%clk 00:02:01]}
{[%emt 00:00:02]} Rxd3 {[%clk 00:02:43]} {[%emt 00:00:01]} 21. Kf1 {[%clk
00:01:57]} {[%emt 00:00:06]} b6 {[%clk 00:02:41]} {[%emt 00:00:05]} 22. Ke2
{[%clk 00:01:58]} {[%emt 00:00:01]} Rd5 {[%clk 00:02:38]} {[%emt 00:00:04]} 23.
Rd1 {[%clk 00:01:58]} {[%emt 00:00:03]} Re5+ {[%clk 00:02:36]} {[%emt
00:00:04]} 24. Kd3 {[%clk 00:01:50]} {[%emt 00:00:09]} Ke7 {[%clk 00:02:32]}
{[%emt 00:00:06]} 25. Nd4 {[%clk 00:01:49]} {[%emt 00:00:04]} Rd5 {[%clk
00:02:20]} {[%emt 00:00:14]} 26. b4 {[%clk 00:01:31]} {[%emt 00:00:19]} Rd7
{[%clk 00:02:08]} {[%emt 00:00:14]} 27. Kc3 {[%clk 00:01:20]} {[%emt 00:00:15]}
Ne4+ {[%clk 00:02:03]} {[%emt 00:00:06]} 28. Kb3 {[%clk 00:01:17]} {[%emt
00:00:04]} Kf6 {[%clk 00:01:53]} {[%emt 00:00:12]} 29. f3 {[%clk 00:01:13]}
{[%emt 00:00:06]} Ng5 {[%clk 00:01:42]} {[%emt 00:00:14]} 30. Kc2 {[%clk
00:01:01]} {[%emt 00:00:14]} a6 {[%clk 00:01:35]} {[%emt 00:00:09]} 31. Nb3
{[%clk 00:00:55]} {[%emt 00:00:07]} Rc7+ {[%clk 00:01:35]} {[%emt 00:00:03]} 32.
Kb2 {[%clk 00:00:55]} {[%emt 00:00:01]} Ne6 {[%clk 00:01:33]} {[%emt 00:00:04]}
33. Rd6 {[%clk 00:00:43]} {[%emt 00:00:15]} Rb7 {[%clk 00:01:23]} {[%emt
00:00:12]} 34. a4 {[%clk 00:00:30]} {[%emt 00:00:14]} Ke5 {[%clk 00:01:24]}
{[%emt 00:00:02]} 35. Rd2 {[%clk 00:00:27]} {[%emt 00:00:04]} Rc7 {[%clk
00:01:23]} {[%emt 00:00:03]} 36. Rc2 {[%clk 00:00:26]} {[%emt 00:00:04]} Rxc2+
{[%clk 00:01:20]} {[%emt 00:00:05]} 37. Kxc2 {[%clk 00:00:26]} {[%emt
00:00:02]} Nd4+ {[%clk 00:01:21]} {[%emt 00:00:01]} 38. Kc3 {[%clk 00:00:22]}
{[%emt 00:00:05]} Nxb3 {[%clk 00:01:20]} {[%emt 00:00:03]} 39. Kxb3 {[%clk
00:00:23]} {[%emt 00:00:01]} Kd4 {[%clk 00:01:21]} 40. b5 {[%clk 00:00:10]}
{[%emt 00:00:15]} axb5 {[%clk 00:01:20]} {[%emt 00:00:03]} 41. axb5 {[%clk
00:00:11]} Kc5 {[%clk 00:01:21]} {[%emt 00:00:01]} 0-1

[Event "Turniej Blitza na II Lidze Juniorów 2018"]
[Site "Szczyrk, Poland"]
[Date "????.??.??"]
[Round "8.55"]
[White "Szopa, Emilia"]
[Black "Nowak, Filip"]
[Result "0-1"]
[TimeControl "3'+2\""]
[WhiteElo "1323"]
[BlackElo "1145"]

1. e4 {[%clk 00:03:03]} c5 {[%emt 00:00:03]} 2. Nf3 {[%emt 00:00:01]} e6 {[%clk
00:03:03]} 3. d3 {[%emt 00:00:04]} Nc6 {[%emt 00:00:03]} 4. g3 {[%emt
00:00:05]} g6 {[%emt 00:00:02]} 5. Bg2 {[%clk 00:03:02]} {[%emt 00:00:01]} Bg7
{[%clk 00:03:04]} {[%emt 00:00:02]} 6. O-O {[%clk 00:02:58]} {[%emt 00:00:06]}
Nge7 {[%clk 00:03:04]} {[%emt 00:00:03]} 7. Be3 {[%clk 00:02:49]} {[%emt
00:00:10]} d6 {[%clk 00:03:05]} {[%emt 00:00:01]} 8. c3 O-O {[%emt 00:00:07]} 9.
Qd2 {[%clk 00:02:48]} {[%emt 00:00:02]} b5 {[%clk 00:02:58]} {[%emt 00:00:08]}
10. Bh6 {[%clk 00:02:23]} {[%emt 00:00:27]} b4 {[%clk 00:02:37]} {[%emt
00:00:23]} 11. Bxg7 {[%clk 00:02:15]} {[%emt 00:00:09]} Kxg7 {[%clk 00:02:37]}
{[%emt 00:00:02]} 12. e5 {[%clk 00:02:16]} {[%emt 00:00:01]} d5 {[%clk
00:02:33]} {[%emt 00:00:06]} 13. d4 {[%clk 00:02:14]} {[%emt 00:00:04]} bxc3
{[%clk 00:02:21]} {[%emt 00:00:15]} 14. bxc3 {[%clk 00:02:14]} {[%emt
00:00:01]} c4 {[%clk 00:02:16]} {[%emt 00:00:07]} 15. h4 {[%clk 00:02:02]}
{[%emt 00:00:14]} Nf5 {[%clk 00:02:04]} {[%emt 00:00:14]} 16. Qf4 {[%clk
00:01:47]} {[%emt 00:00:14]} Bd7 {[%clk 00:01:48]} {[%emt 00:00:22]} 17. g4
{[%clk 00:01:37]} {[%emt 00:00:11]} Nfe7 {[%clk 00:01:45]} {[%emt 00:00:04]} 18.
h5 {[%clk 00:01:11]} {[%emt 00:00:29]} Rb8 {[%clk 00:01:41]} {[%emt 00:00:06]}
19. Qf6+ {[%clk 00:01:09]} {[%emt 00:00:04]} Kg8 {[%emt 00:00:09]} 20. h6
{[%emt 00:00:02]} Nf5 {[%clk 00:01:31]} {[%emt 00:00:05]} 21. Qxd8 {[%clk
00:01:01]} {[%emt 00:00:11]} Rfxd8 {[%clk 00:01:28]} {[%emt 00:00:04]} 22. gxf5
{[%clk 00:01:02]} {[%emt 00:00:02]} exf5 {[%clk 00:01:27]} {[%emt 00:00:03]} 23.
Bh3 {[%emt 00:00:05]} Be6 {[%emt 00:00:01]} 24. Nbd2 {[%clk 00:00:47]} {[%emt
00:00:14]} Rb2 {[%clk 00:01:27]} 25. Rfd1 {[%clk 00:00:35]} {[%emt 00:00:16]}
Rdb8 {[%clk 00:01:22]} {[%emt 00:00:07]} 26. Nf1 {[%clk 00:00:25]} {[%emt
00:00:12]} Rc2 {[%clk 00:01:09]} {[%emt 00:00:15]} 27. Rdc1 {[%clk 00:00:26]}
{[%emt 00:00:01]} Rbb2 {[%clk 00:01:09]} {[%emt 00:00:02]} 28. N1d2 {[%clk
00:00:18]} {[%emt 00:00:10]} Rxc1+ {[%clk 00:01:04]} {[%emt 00:00:08]} 29. Rxc1
{[%clk 00:00:19]} {[%emt 00:00:01]} Rxa2 {[%emt 00:00:01]} 30. Rb1 {[%clk
00:00:19]} {[%emt 00:00:01]} Kf8 {[%clk 00:00:43]} {[%emt 00:00:24]} 31. Rc1
{[%clk 00:00:14]} {[%emt 00:00:08]} a5 {[%clk 00:00:40]} {[%emt 00:00:05]} 32.
Kf1 {[%clk 00:00:14]} {[%emt 00:00:01]} a4 33. Ke1 Na5 {[%clk 00:00:40]} {[%emt
00:00:04]} 34. Ng5 {[%emt 00:00:02]} Nb3 {[%emt 00:00:03]} 35. Nxb3 {[%clk
00:00:14]} {[%emt 00:00:04]} axb3 {[%clk 00:00:38]} {[%emt 00:00:02]} 36. Nxh7+
{[%clk 00:00:15]} {[%emt 00:00:01]} Kg8 {[%clk 00:00:32]} {[%emt 00:00:07]} 37.
Ng5 {[%emt 00:00:05]} b2 {[%emt 00:00:05]} 38. Rd1 {[%clk 00:00:09]} {[%emt
00:00:06]} Ra1 {[%clk 00:00:29]} {[%emt 00:00:02]} 39. Kd2 {[%clk 00:00:06]}
{[%emt 00:00:04]} Rxd1+ {[%clk 00:00:29]} {[%emt 00:00:03]} 40. Kxd1 {[%clk
00:00:06]} {[%emt 00:00:02]} b1=Q+ {[%emt 00:00:02]} 41. Ke2 Qc2+ {[%clk
00:00:30]} 42. Kf3 {[%emt 00:00:01]} Qxc3+ {[%emt 00:00:01]} 43. Kg2 {[%clk
00:00:09]} Qxd4 {[%emt 00:00:05]} 44. h7+ {[%emt 00:00:03]} Kg7 {[%clk
00:00:26]} {[%emt 00:00:03]} 45. f3 {[%emt 00:00:08]} Qxe5 {[%emt 00:00:03]} 46.
Bxf5 {[%emt 00:00:03]} Qxf5 {[%emt 00:00:02]} 47. h8=Q+ {[%emt 00:00:03]} 0-1

[Event "Turniej Blitza na II Lidze Juniorów 2018"]
[Site "Szczyrk, Poland"]
[Date "????.??.??"]
[Round "8.52"]
[White "Jaszczuk, Mateusz"]
[Black "Dahche, Abdel-Azziz"]
[Result "0-1"]
[TimeControl "3'+2\""]
[WhiteElo "1351"]
[BlackElo "1222"]

1. c4 {[%clk 00:03:01]} {[%emt 00:00:03]} d6 {[%clk 00:02:57]} {[%emt
00:00:07]} 2. d4 {[%clk 00:03:01]} {[%emt 00:00:02]} Nf6 {[%clk 00:02:59]} 3.
Nc3 {[%clk 00:03:02]} {[%emt 00:00:01]} Nbd7 {[%clk 00:02:59]} {[%emt
00:00:02]} 4. g3 {[%clk 00:03:02]} {[%emt 00:00:02]} c6 {[%clk 00:02:59]}
{[%emt 00:00:02]} 5. Bg2 {[%clk 00:03:03]} g6 {[%clk 00:02:59]} {[%emt
00:00:01]} 6. e4 {[%clk 00:03:04]} Bg7 {[%clk 00:02:59]} {[%emt 00:00:02]} 7.
Nge2 {[%clk 00:03:05]} {[%emt 00:00:01]} O-O {[%clk 00:02:58]} {[%emt
00:00:03]} 8. O-O {[%clk 00:03:05]} {[%emt 00:00:02]} Qc7 {[%clk 00:02:10]}
{[%emt 00:00:50]} 9. Kh1 {[%clk 00:02:59]} {[%emt 00:00:09]} b6 {[%clk
00:02:10]} {[%emt 00:00:02]} 10. d5 {[%clk 00:02:58]} {[%emt 00:00:02]} Bb7
{[%clk 00:02:10]} {[%emt 00:00:03]} 11. f4 {[%clk 00:02:56]} {[%emt 00:00:03]}
a5 {[%clk 00:02:11]} {[%emt 00:00:02]} 12. f5 {[%clk 00:02:19]} {[%emt
00:00:39]} Ne5 {[%clk 00:02:08]} {[%emt 00:00:05]} 13. fxg6 {[%clk 00:02:16]}
{[%emt 00:00:05]} hxg6 {[%clk 00:02:09]} {[%emt 00:00:01]} 14. b3 {[%clk
00:02:11]} {[%emt 00:00:07]} Bh8 {[%clk 00:01:29]} {[%emt 00:00:41]} 15. Bf4
{[%clk 00:02:06]} {[%emt 00:00:08]} Neg4 {[%clk 00:01:22]} {[%emt 00:00:09]} 16.
h3 {[%clk 00:01:56]} {[%emt 00:00:11]} Ne5 {[%clk 00:00:49]} {[%emt 00:00:35]}
17. Rc1 {[%clk 00:01:31]} {[%emt 00:00:27]} Bg7 {[%clk 00:00:33]} {[%emt
00:00:19]} 18. Qd2 {[%clk 00:01:29]} {[%emt 00:00:03]} Kh7 {[%clk 00:00:34]}
{[%emt 00:00:02]} 19. Nd4 {[%clk 00:00:51]} {[%emt 00:00:39]} c5 {[%clk
00:00:19]} {[%emt 00:00:18]} 20. Ndb5 {[%clk 00:00:51]} {[%emt 00:00:01]} Qc8
{[%clk 00:00:20]} {[%emt 00:00:02]} 21. Ne2 {[%clk 00:00:34]} {[%emt 00:00:19]}
Rh8 {[%clk 00:00:20]} {[%emt 00:00:02]} 22. Bxe5 {[%clk 00:00:26]} {[%emt
00:00:10]} dxe5 {[%clk 00:00:21]} 23. d6 {[%clk 00:00:26]} {[%emt 00:00:01]}
Kg8 {[%clk 00:00:07]} {[%emt 00:00:17]} 24. Nec3 {[%clk 00:00:22]} {[%emt
00:00:05]} Rxh3+ {[%clk 00:00:08]} {[%emt 00:00:02]} 25. Bxh3 {[%clk 00:00:22]}
{[%emt 00:00:02]} Qxh3+ {[%clk 00:00:09]} 26. Qh2 {[%clk 00:00:24]} Qg4 {[%clk
00:00:05]} {[%emt 00:00:06]} 27. dxe7 {[%clk 00:00:23]} {[%emt 00:00:03]} Nxe4
{[%clk 00:00:05]} {[%emt 00:00:02]} 28. Nxe4 Qxe4+ {[%clk 00:00:06]} 29. Kg1
{[%clk 00:00:22]} {[%emt 00:00:01]} Qe3+ {[%clk 00:00:06]} {[%emt 00:00:02]} 30.
Qf2 {[%clk 00:00:24]} Qh6 {[%clk 00:00:03]} {[%emt 00:00:06]} 31. Qxf7+ {[%clk
00:00:25]} Kh7 {[%clk 00:00:03]} {[%emt 00:00:02]} 32. Kf2 {[%clk 00:00:17]}
{[%emt 00:00:10]} Qh2+ {[%clk 00:00:03]} {[%emt 00:00:02]} 33. Ke3 {[%clk
00:00:15]} Qxg3+ {[%clk 00:00:04]} {[%emt 00:00:05]} 34. Kd2 {[%clk 00:00:14]}
Qg2+ {[%clk 00:00:03]} {[%emt 00:00:04]} 35. Kd3 {[%clk 00:00:11]} {[%emt
00:00:06]} Qg3+ {[%clk 00:00:04]} {[%emt 00:00:01]} 36. Kd2 {[%clk 00:00:11]}
{[%emt 00:00:02]} Qg5+ {[%clk 00:00:05]} {[%emt 00:00:02]} 37. Ke2 {[%clk
00:00:10]} {[%emt 00:00:01]} Qg2+ {[%clk 00:00:06]} {[%emt 00:00:02]} 38. Rf2
{[%clk 00:00:10]} {[%emt 00:00:02]} Qg4+ {[%clk 00:00:07]} {[%emt 00:00:01]} 39.
Ke1 {[%clk 00:00:08]} {[%emt 00:00:03]} Qe4+ {[%clk 00:00:08]} {[%emt
00:00:02]} 40. Re2 {[%clk 00:00:08]} {[%emt 00:00:02]} Qh1+ {[%clk 00:00:09]}
{[%emt 00:00:01]} 41. Qf1 {[%clk 00:00:09]} Qh4+ {[%clk 00:00:10]} {[%emt
00:00:01]} 42. Rf2 {[%clk 00:00:09]} {[%emt 00:00:02]} Qe4+ {[%clk 00:00:11]}
{[%emt 00:00:01]} 43. Qe2 {[%clk 00:00:11]} Qh1+ {[%clk 00:00:12]} {[%emt
00:00:02]} 44. Kd2 {[%clk 00:00:12]} Bh6+ {[%clk 00:00:13]} {[%emt 00:00:01]}
45. Kd3 {[%clk 00:00:09]} {[%emt 00:00:04]} Qxc1 {[%clk 00:00:13]} {[%emt
00:00:03]} 46. Rf7+ {[%clk 00:00:07]} {[%emt 00:00:03]} Kg8 {[%clk 00:00:10]}
{[%emt 00:00:06]} 47. Rf8+ {[%clk 00:00:08]} Bxf8 {[%clk 00:00:10]} {[%emt
00:00:03]} 48. exf8=Q+ Kxf8 {[%clk 00:00:11]} 49. Qxe5 {[%clk 00:00:05]} {[%emt
00:00:04]} Qd1+ {[%clk 00:00:11]} {[%emt 00:00:01]} 50. Kc3 {[%clk 00:00:06]}
0-1

[Event "Turniej Blitza na II Lidze Juniorów 2018"]
[Site "Szczyrk, Poland"]
[Date "????.??.??"]
[Round "8.8"]
[White "Laszczak, Przemyslaw"]
[Black "Marczuk, Dominik"]
[Result "1-0"]
[TimeControl "3'+2\""]
[WhiteElo "1748"]
[BlackElo "2112"]

1. d4 {[%emt 00:01:29]} c5 2. d5 {[%emt 00:00:01]} d6 {[%emt 00:00:02]} 3. Nf3
{[%emt 00:00:02]} g6 4. c4 {[%emt 00:00:03]} Bg7 5. Nc3 Nf6 6. e4 {[%emt
00:00:01]} O-O {[%emt 00:00:03]} 7. Be2 {[%emt 00:00:05]} e6 {[%emt 00:00:01]}
8. O-O {[%emt 00:00:03]} exd5 {[%emt 00:00:02]} 9. cxd5 {[%emt 00:00:01]} a6
{[%emt 00:00:02]} 10. a4 {[%emt 00:00:01]} Nbd7 {[%emt 00:00:02]} 11. Bf4
{[%emt 00:00:04]} Qe7 {[%emt 00:00:20]} 12. Qc2 {[%emt 00:00:12]} Re8 {[%emt
00:00:09]} 13. Nd2 {[%emt 00:00:03]} Rb8 {[%emt 00:00:48]} 14. Nc4 {[%emt
00:00:02]} Ne5 {[%emt 00:00:23]} 15. Bxe5 {[%emt 00:00:11]} dxe5 {[%emt
00:00:01]} 16. a5 {[%emt 00:00:04]} Rd8 {[%emt 00:00:03]} 17. d6 {[%emt
00:00:11]} Qe8 {[%emt 00:00:10]} 18. Na4 {[%emt 00:00:06]} Be6 {[%emt
00:00:04]} 19. Rfd1 {[%emt 00:00:07]} Bxc4 {[%emt 00:00:16]} 20. Qxc4 {[%emt
00:00:02]} Qc6 {[%emt 00:00:03]} 21. Qxc5 {[%emt 00:00:15]} Nxe4 {[%emt
00:00:14]} 22. Qxc6 {[%emt 00:00:16]} bxc6 {[%emt 00:00:01]} 23. d7 {[%emt
00:00:07]} Bf8 {[%emt 00:00:28]} 24. Nb6 {[%emt 00:00:18]} Bc5 {[%emt
00:00:05]} 25. b4 {[%emt 00:00:36]} Bxf2+ {[%emt 00:00:04]} 26. Kf1 {[%emt
00:00:02]} Bxb6 {[%emt 00:00:17]} 27. axb6 {[%emt 00:00:06]} Nc3 {[%emt
00:00:04]} 28. Rd6 {[%emt 00:00:17]} Nxe2 {[%emt 00:00:03]} 29. Kxe2 {[%emt
00:00:02]} Rxb6 30. Ra5 {[%emt 00:00:07]} Rb5 {[%emt 00:00:09]} 31. Rxa6 {[%emt
00:00:02]} Rb7 32. Raxc6 {[%emt 00:00:17]} Rdxd7 {[%emt 00:00:01]} 33. Rxd7
{[%emt 00:00:06]} Rxd7 34. b5 {[%emt 00:00:01]} Rd5 {[%emt 00:00:02]} 35. b6
{[%emt 00:00:01]} Rb5 36. Ke3 {[%emt 00:00:03]} Rb4 37. g3 {[%emt 00:00:04]}
Kg7 38. Rd6 {[%emt 00:00:02]} h5 {[%emt 00:00:01]} 39. Rc6 {[%emt 00:00:03]}
Rb2 {[%emt 00:00:01]} 40. h4 {[%emt 00:00:02]} Rb4 {[%emt 00:00:01]} 41. Kf3
{[%emt 00:00:02]} e4+ {[%emt 00:00:02]} 42. Ke3 f5 {[%emt 00:00:03]} 43. Kf4
{[%emt 00:00:02]} Rb3 {[%emt 00:00:03]} 44. Re6 {[%emt 00:00:03]} Kf7 45. Rc6
{[%emt 00:00:02]} Rf3+ {[%emt 00:00:04]} 46. Ke5 {[%emt 00:00:02]} Rb3 {[%emt
00:00:03]} 47. Rc7+ {[%emt 00:00:02]} Ke8 48. b7 {[%emt 00:00:02]} e3 {[%emt
00:00:07]} 49. Rc8+ {[%emt 00:00:03]} Kd7 {[%emt 00:00:01]} 50. b8=Q Rxb8
{[%emt 00:00:05]} 51. Rxb8 {[%emt 00:00:07]} Kd8 {[%emt 00:00:09]} 1-0

[Event "Turniej Blitza na II Lidze Juniorów 2018"]
[Site "Szczyrk, Poland"]
[Date "????.??.??"]
[Round "8.56"]
[White "Pisarek, Jan"]
[Black "Nowacka, Dorota"]
[Result "1-0"]
[TimeControl "3'+2\""]
[WhiteElo "1136"]
[BlackElo "1322"]

1. g3 {[%clk 00:03:00]} b6 {[%clk 00:03:00]} {[%emt 00:00:04]} 2. Bg2 {[%clk
00:03:02]} {[%emt 00:00:01]} Nc6 {[%emt 00:00:01]} 3. c3 {[%emt 00:00:01]} Bb7
4. d3 {[%emt 00:00:01]} d5 {[%clk 00:03:03]} 5. Nd2 {[%clk 00:03:01]} {[%emt
00:00:04]} e5 {[%clk 00:03:03]} {[%emt 00:00:02]} 6. Qc2 {[%clk 00:03:02]} Nf6
{[%clk 00:03:02]} {[%emt 00:00:03]} 7. Ngf3 {[%clk 00:02:56]} {[%emt 00:00:08]}
Bd6 {[%clk 00:03:00]} {[%emt 00:00:04]} 8. e4 {[%clk 00:02:57]} {[%emt
00:00:02]} dxe4 {[%clk 00:02:55]} {[%emt 00:00:06]} 9. Nxe4 {[%clk 00:02:56]}
{[%emt 00:00:04]} Nxe4 {[%clk 00:02:51]} {[%emt 00:00:06]} 10. dxe4 O-O {[%emt
00:00:04]} 11. O-O {[%clk 00:02:56]} {[%emt 00:00:02]} Qf6 {[%clk 00:02:38]}
{[%emt 00:00:15]} 12. Be3 {[%clk 00:02:49]} {[%emt 00:00:08]} Nd8 {[%clk
00:02:23]} {[%emt 00:00:16]} 13. Rad1 {[%emt 00:00:10]} Ne6 {[%emt 00:00:02]}
14. h3 {[%clk 00:02:41]} {[%emt 00:00:04]} Nc5 {[%emt 00:00:10]} 15. Bxc5
{[%emt 00:00:02]} Bxc5 {[%clk 00:02:16]} {[%emt 00:00:01]} 16. Nh4 {[%clk
00:02:36]} {[%emt 00:00:07]} Qg5 {[%clk 00:02:12]} {[%emt 00:00:06]} 17. Kh2
{[%clk 00:02:29]} {[%emt 00:00:09]} Rad8 {[%clk 00:02:04]} {[%emt 00:00:10]} 18.
Nf3 {[%clk 00:02:28]} {[%emt 00:00:03]} Qf6 {[%clk 00:02:00]} {[%emt 00:00:05]}
19. Kg1 {[%clk 00:02:22]} {[%emt 00:00:08]} Ba6 {[%clk 00:01:56]} {[%emt
00:00:07]} 20. Rfe1 {[%clk 00:02:21]} {[%emt 00:00:03]} b5 {[%clk 00:01:32]}
{[%emt 00:00:25]} 21. b3 {[%clk 00:02:12]} {[%emt 00:00:12]} Rfe8 {[%clk
00:01:22]} {[%emt 00:00:11]} 22. Rxd8 {[%emt 00:00:16]} Rxd8 {[%emt 00:00:01]}
23. Rd1 {[%clk 00:01:58]} {[%emt 00:00:02]} Rxd1+ {[%clk 00:01:22]} {[%emt
00:00:04]} 24. Qxd1 {[%clk 00:01:58]} {[%emt 00:00:02]} h6 {[%clk 00:01:18]}
{[%emt 00:00:06]} 25. Qd5 {[%clk 00:01:56]} {[%emt 00:00:04]} Bd6 {[%clk
00:00:43]} {[%emt 00:00:36]} 26. Qa8+ {[%clk 00:01:55]} {[%emt 00:00:03]} Kh7
{[%clk 00:00:43]} 27. Qxa7 {[%clk 00:01:54]} {[%emt 00:00:05]} Ba3 {[%clk
00:00:30]} {[%emt 00:00:15]} 28. Qxc7 {[%emt 00:00:12]} Bb2 {[%emt 00:00:01]}
29. Nxe5 {[%clk 00:01:41]} {[%emt 00:00:06]} Qg5 {[%clk 00:00:18]} {[%emt
00:00:14]} 30. Nxf7 {[%emt 00:00:11]} Qc1+ {[%emt 00:00:02]} 31. Kh2 {[%clk
00:01:33]} Bxc3 {[%clk 00:00:18]} {[%emt 00:00:02]} 32. Nd6 {[%clk 00:01:25]}
{[%emt 00:00:11]} Be1 {[%clk 00:00:17]} 33. Qxc1 {[%clk 00:01:23]} {[%emt
00:00:06]} Bxf2 {[%clk 00:00:15]} {[%emt 00:00:04]} 34. Nf5 {[%clk 00:01:21]}
{[%emt 00:00:04]} Bxg3+ {[%emt 00:00:02]} 35. Kxg3 {[%emt 00:00:02]} Bb7 {[%clk
00:00:16]} 36. Qc7 {[%emt 00:00:02]} Bxe4 {[%emt 00:00:04]} 37. Qxg7# {[%emt
00:00:02]} 1-0